| 000 | 00000nam##2200000za#4500 |
| 001 | 9.699465 |
| 003 | CaOODSP |
| 005 | 20210625000407 |
| 007 | cr ||||||||||| |
| 008 | 150407|1975||||xxc|||||o f|0| 0 eng|d |
| 040 | |aCaOODSP|beng |
| 043 | |an-cn--- |
| 086 | 1 |aA53-1488/1975E-PDF |
| 110 | 1 |aCanada.|bAgriculture Canada.|bResearch Branch. |
| 245 | 10|aIrrigation on the Prairies / |h[electronic resource]|c[by] H.C. Korven and W.E. Randall. |
| 260 | |aOttawa - Ontario : |bAgriculture Canada. |cRevised 1975. |
| 300 | |a32p.|bfigs., glossary, graph, references, tables, photographs |
| 500 | |aHistorical publication digitized by Agriculture and Agri-Food Canada. -- "A federal/provincial publication. Canada/Saskatchewan"--p. 3 of 32. |
| 590 | |a15-01-Supp|b2015-01-26 |
| 690 | 07|aAgricultural technology|2gcpds |
| 690 | 07|aCrops|2gcpds |
| 690 | 07|aIrrigation|2gcpds |
| 775 | 08|tIrrigation dans les prairies / |w(CaOODSP)9.643434 |
| 856 | 40|ahttp://publications.gc.ca|qPDF|s2.1 MB|uhttps://publications.gc.ca/collections/collection_2014/aac-aafc/agrhist/A53-1488-1975-eng.pdf |
| 986 | |a1488 |